|
|
|
|
| LEADER |
00000nam a2200000 a 4500 |
| 001 |
vtls001261540 |
| 003 |
SK-MaSNL |
| 005 |
20260301234513.0 |
| 008 |
240315s1975 xr 0 cze |
| 035 |
|
|
|a SNK000212408
|
| 040 |
|
|
|a SNK
|b slo
|c SNK
|e AACR2
|
| 041 |
0 |
|
|a cze
|
| 044 |
|
|
|a CZ
|
| 100 |
1 |
|
|a Beľkovič, Vsevolod Michajlovič
|4 aut
|9 630610
|
| 245 |
0 |
|
|a Přítel delfín
|c Vsevolod Michajlovič Beľkovič, Sergej Jevgenjevič Klejnenberg, Aleksej Vladimirovič Jablokov ; přel. Jefim a Věra Fištejnovi ; doslov Vratislav Mazák
|
| 246 |
1 |
0 |
|a Naš drug - delfin
|
| 260 |
|
|
|a Praha
|b Orbis
|c 1975
|
| 300 |
|
|
|a 189, [2] s., [16] s. fot. příl.
|c 8°
|
| 490 |
0 |
|
|a Knihy o přírode
|
| 700 |
1 |
|
|a Klejnenberg, Sergej Jevgenjevič
|4 aut
|9 630611
|
| 700 |
1 |
|
|a Jablokov, Aleksej Vladimirovič,
|d 1933-
|4 aut
|9 375743
|
| 700 |
1 |
|
|a Fištejn, Jefim,
|d 1946-
|4 trl
|9 379151
|
| 700 |
1 |
|
|a Fištejnová, Věra
|4 trl
|9 630612
|
| 700 |
1 |
|
|a Mazák, Vratislav
|4 auv
|9 301921
|
| 958 |
|
|
|a RK
|
| 958 |
|
|
|a OND
|
| 999 |
|
|
|c 970312
|d 972242
|
| 952 |
|
|
|t P60, <04>, [BOOK], {604}
|a SNK
|b SNK
|y VYP
|7 0
|o snkIC 63217
|i snkKIP 9947/75
|0 0
|1 0
|4 0
|d 1996-09-03
|l 0
|r 2005-01-01 00:00:00
|w 2026-02-24
|
| 952 |
|
|
|t P60, <04>, [BOOK], {604}
|a SNK
|b SNK
|y VYP
|7 0
|o snkIC 63217 D1
|i snkKIP 9948/75
|0 0
|1 0
|4 0
|d 1996-09-03
|l 0
|r 2005-01-01 00:00:00
|w 2026-02-24
|